Quizzes
Events
Quiz Creation
Community
Videos
Private Events
Remove Ads
Sign In
Join for FREE
Feedback
Dark Mode
Quiz Categories
Sports
Geography
Music
Movies
Television
Just For Fun
Miscellaneous
History
Literature
Language
Science
Gaming
Entertainment
Religion
Holiday
For Kids
Quiz Lab
Recent
Popular Today
Quiz Kudos Today
Editor Picks
Curator Picks
Quizzes by...
Day
Popularity
Type
Ratings
Length
Year
Community
Subscriptions
Recent Discussions
Orange Saloon
Badges
Playlists
Quests
Create
Leaderboards
Showdown
Live 5
Trivia Bingo
Activity
Puzzle Library
Sporcle Events
Private Events
Virtual Trivia
Globe League
Become a Host
Pub Owners
SporcleCon
Opinionation
Our Games
Videos
Blog
Mobile Apps
Partnerships
Remove Ads and Go Orange
Feedback
Gaming
Video Games
Board Games
Card Games
Pokémon
Mario
Nintendo
Minecraft
Console
Toys
Legend of Zelda
Gaming
Video Games
Board Games
Card Games
Pokémon
Mario
Nintendo
Minecraft
Console
Toys
Legend of Zelda
Random Quiz
Search Sporcle
×
Quiz Lab
Quiz Lab
Gaming
Pokémon
Type in answers that appear in a list
Type in answers that appear in a list
Classic
Best Score? Go Orange.
New Pokemon of Black and White Stats
Can you name the New Pokemon of Black and White?
By
Torterraman
20m
156 Questions
493 Plays
493 Plays
493 Plays
Comments
Comments
Give Quiz Kudos
Give Quiz Kudos
-
- Ratings
hide this ad
More Info
Replay
Link that replays current quiz
Next Quiz
Link to next quiz in quiz playlist
You Got
0%
They Got
Avg Score
48%
Avg Friend Score
Upgrade to see
Score Distribution
Jump to the score distribution portion of the page
Score
0/156
Timer
20:00
0
Plays Today
Pokedex #
Name of Pokemon
% Correct
1
Snivy
91.3%
4
Tepig
90.1%
7
Oshawott
82.4%
000
Victini
78.9%
6
Emboar
78.7%
2
Servine
77.3%
8
Dewott
77.3%
5
Pignite
76.7%
3
Serperior
73.5%
10
Patrat
71.1%
12
Lillipup
70.2%
9
Samurott
69.8%
13
Herdier
69.4%
25
Pidove
69.2%
17
Pansage
69%
21
Panpour
68.6%
11
Watchog
68%
19
Pansear
67.4%
22
Simipour
66.8%
18
Simisage
66.6%
20
Simisear
66%
23
Munna
62.8%
14
Stoutland
62.1%
15
Purrloin
61.9%
150
Zekrom
61.1%
26
Tranquill
60.3%
57
Sandile
59.1%
28
Blitzle
58.7%
33
Woobat
58.3%
29
Zebstrika
57.7%
16
Liepard
57.5%
30
Roggenrola
57.3%
149
Reshiram
57.3%
24
Musharna
57.1%
27
Unfezant
57.1%
45
Sawk
57.1%
35
Drilbur
56.1%
44
Throh
55.7%
34
Swoobat
55.5%
38
Timburr
55.3%
116
Axew
55.1%
31
Boldore
54.7%
46
Sewaddle
53.4%
36
Excadrill
53%
41
Tympole
53%
93
Emolga
53%
113
Litwick
52.8%
49
Venipede
52.6%
37
Audino
52.4%
60
Darumaka
51.6%
48
Leavanny
51.2%
51
Scolipede
51.2%
Pokedex #
Name of Pokemon
% Correct
39
Gurdurr
51%
61
Darmanitan
51%
65
Scraggy
51%
32
Gigalith
50.8%
50
Whirlipede
50.8%
58
Krokorok
50.8%
105
Klink
50.4%
42
Palpitoad
50.2%
68
Yamask
50%
47
Swadloon
49.6%
91
Deerling
49.4%
54
Petilil
49%
115
Chandelure
48.8%
52
Cottonee
48.6%
59
Krookodile
48.6%
63
Dwebble
48%
76
Zorua
47.8%
40
Conkeldurr
47.6%
55
Lilligant
47.6%
64
Crustle
47.4%
88
Vanillite
47.2%
101
Joltik
47.2%
106
Klang
46.8%
118
Haxorus
46.8%
80
Gothita
46.4%
66
Scrafty
46%
56
Basculin
45.7%
86
Ducklett
45.5%
120
Beartic
45.1%
43
Seismitoad
44.9%
119
Cubchoo
44.7%
107
Klinklang
44.5%
117
Fraxure
44.5%
69
Cofagrigus
44.3%
87
Swanna
44.3%
74
Trubbish
44.1%
72
Archen
43.5%
83
Solosis
43.5%
89
Vanillish
43.3%
139
Deino
43.1%
67
Sigilyph
42.9%
144
Cobalion
42.9%
146
Virizion
42.5%
152
Kyurem
42.5%
108
Tynamo
42.1%
114
Lampent
42.1%
77
Zoroark
41.9%
78
Minccino
41.9%
103
Ferroseed
41.7%
90
Vanilluxe
41.5%
98
Frillish
41.5%
145
Terrakion
41.5%
Pokedex #
Name of Pokemon
% Correct
127
Druddigon
41.3%
134
Braviary
41.3%
92
Sawsbuck
41.1%
102
Galvantula
41.1%
62
Maractus
40.7%
82
Gothitelle
40.7%
128
Golett
40.5%
147
Tornadus
40.3%
53
Whimsicott
39.9%
81
Gothorita
39.9%
155
Genesect
39.9%
73
Archeops
39.7%
138
Durant
39.7%
141
Hydreigon
39.7%
124
Stunfisk
39.1%
94
Karrablast
38.9%
143
Volcarona
38.9%
84
Duosion
38.5%
151
Landorus
38.5%
99
Jellicent
38.1%
96
Foongus
37.9%
75
Garbodor
37.7%
104
Ferrothorn
37.7%
131
Bisharp
37.7%
133
Rufflet
37.7%
125
Mienfoo
37.2%
79
Cinccino
36.8%
71
Carracosta
36.6%
148
Thundurus
36.6%
153
Keldeo
36.6%
129
Golurk
36.2%
130
Pawniard
36.2%
142
Larvesta
36%
154
Meloetta
35.8%
137
Heatmor
35.6%
140
Zweilous
35.6%
70
Tirtouga
35.4%
126
Mienshao
35%
85
Reuniclus
34.8%
121
Cryogonal
34.4%
122
Shelmet
34.2%
109
Eelektrik
33.6%
110
Eelektross
33.4%
135
Vullaby
33%
136
Mandibuzz
32.6%
100
Alomomola
32.2%
111
Elgyem
31.4%
95
Escavalier
31%
97
Amoonguss
30.8%
132
Bouffalant
30.6%
123
Accelgor
29.8%
112
Beheeyem
28.3%
Quiz Playlist
Details
Report
Send in Message
Add To Playlist
More Info:
They are Japanese Romanizations of the pokemon names. As English Names are revealed, they will be added into the quiz. Up to date as of: 1-13-11
Classic:
Type in answers that appear in a list
Quiz Source
Last Updated: Feb 16, 2017
Quiz Scoreboard
CHALLENGE
Sign Up to Join the Scoreboard
Show All
Scores
Hide
Comments
May contain spoilers
Recently Published
Pick 6: Fruits
by JohnFran
Miscellaneous
15s
Click the 1999 NBA Draft
by nibperrychub
Sports
2m
Alphabetical 'K' Countries by Flag Minefield
by ylime102
Geography
3m
More to Explore
Quiz From the Vault
Featured Blog Post
15 Basketball Trivia Facts You Can Be March Mad About
hide this ad
You Might Also Like...
Tags
Pokémon Quiz
black
White
Today's Top Quizzes in Gaming
Browse Gaming
hide this ad
Today's Top Quizzes in Pokémon
Browse Pokémon
Top Contributed Quizzes in Gaming
1
Pokémon Gen IV Logic Puzzle (HARD)
2
HARD Pokemon Logic Puzzle
3
Honkai: Star Rail Technique Names Quiz
4
Order Genshin Impact characters by release date!
5
Stardew Valley Logic Puzzle
6
Genshin Impact Logic Puzzle Quiz
7
Danganronpa 1 Logic Puzzle
8
Pokémon Logic Puzzle (DIFFICULT)
9
Kingdom Hearts Logic Puzzle
10
Genshin Impact Logic Puzzle
Explore More
Trending Topics
NBA
Anime
Disney
Harry Potter
Marvel
Kpop
Crossword
Pokémon
Soccer
Country
Puzzle
WWE
NFL
Song
The Office
hide this ad
More By:
Torterraman
Quiz
Plays
Rating
Category
Featured
Created
Unova Gym Leader's pokemon
887
3.33
Gaming
Feb 3, 2011
Pokemon HGSS Grab Bag
535
5.00
Gaming
Jan 23, 2011
New Pokemon of Black and White
493
2.50
Gaming
Oct 1, 2010
Organization XIII Members alphabetical order
407
5.00
Gaming
Aug 20, 2013
Unova Elite 4
255
3.00
Gaming
Feb 3, 2011
Go to Creator's Profile
Score Distribution
Quiz Creator Spotlight
Torterraman
Follow
Send a Message
Quizzes Created
-
Created Quiz Play Count
-
More By This Creator
Popular Quizzes Today
1
Countries of Asia Without Outlines Minefield
2
Find the US States - No Outlines Minefield
3
Pick 6: Fruits
4
Alphabetical 'K' Countries by Flag Minefield
5
The Countries of the World
6
Find the US States
7
US States
8
Match the Book to the Film X
More Gaming Quizzes
Which D&D Monster? 'M3'
Editor's Pick
Trending Quizzes
Pick 6: Mountains
Pick 6: Harry Potter
Pick 6: NFL Teams
Pick 6: Movie Franchises
Pick 6: Golfers
Recently Updated
NWSL Teams
pecheneg
Women's Final Four Teams by Year
bhenderson79
Presidents Quartet II
eogle
Anything But Clue(do)
eogle
Anything But Oceanian Capitals
eogle
Anything But 7
eogle
Anything But Thing
eogle
Word Ladder: February 29
pecheneg
Song Title Questions
pecheneg
Women's NCAA Tournament #1 Seeds
pecheneg
Trending Topics
Marvel
NBA
Kpop
Anime
Harry Potter
Disney
Crossword
WWE
Pokémon
Country
Soccer
NFL
The Office
Song
Puzzle
Your Account Isn't Verified!
In order to create a playlist on Sporcle, you need to verify the email address you used during registration. Go to your
Sporcle Settings
to finish the process.
Report this User
Report this user for behavior that violates our
Community Guidelines
.
Details:
Send Report
Go to the Sporcle.com Mobile Site →
Comments